Анализ пространственно-временных параметров удаленных объектов в информационных технических системах

Dettagli Bibliografici
Autore principale: Сальников И. И. Игорь Иванович
Riassunto:В книге рассмотрены методы анализа и преобразования пространственно-временных сигналов в информационных технических системах, используемых для дистанционного измерения параметров объектов. В качестве конкретных примеров исследуются телевизионные технические системы охраны, обладающие максимальной информационной емкостью, радиолокационные технические системы охраны (РЛТСО), использующие электромагнитные волны радиодиапазона, на распространение которых минимальным образом влияют погодные условия. Для РЛТСО на основе пространственного анализа дифракции ЭМ-волн, полученной с использованием интеграла Кирхгофа, показана возможность формирования радиоизображения нарушителя охраняемой зоны, позволяющего не только измерить пространственные параметры объекта, но и классифицировать его. В качестве метода временного анализа рассмотрено применение вейвлет-преобразования в РЛТСО, которое позволяет существенно улучшить существующие характеристики обнаружения, а также измерить параметры движения нарушителя — дальность и скорость передвижения. Книга предназначена специалистам, занимающимся вопросами обработки пространственно-временных сигналов.
Lingua:russo
Pubblicazione: Москва, Физматлит, 2011
Soggetti:
Natura: MixedMaterials Libro
KOHA link:https://koha.lib.tpu.ru/cgi-bin/koha/opac-detail.pl?biblionumber=215635

MARC

LEADER 00000nam0a2200000 4500
001 215635
005 20231101230001.0
010 |a 9785922113571 
035 |a (RuTPU)RU\TPU\book\235566 
090 |a 215635 
100 |a 20120515d2011 k y0rusy50 ca 
101 0 |a rus 
102 |a RU 
105 |a a z 001zy 
200 1 |a Анализ пространственно-временных параметров удаленных объектов в информационных технических системах  |f И. И. Сальников 
210 |a Москва  |c Физматлит  |d 2011 
215 |a 252 с.  |c ил. 
320 |a Библиогр.: с. 248-252. 
330 |a В книге рассмотрены методы анализа и преобразования пространственно-временных сигналов в информационных технических системах, используемых для дистанционного измерения параметров объектов. В качестве конкретных примеров исследуются телевизионные технические системы охраны, обладающие максимальной информационной емкостью, радиолокационные технические системы охраны (РЛТСО), использующие электромагнитные волны радиодиапазона, на распространение которых минимальным образом влияют погодные условия. Для РЛТСО на основе пространственного анализа дифракции ЭМ-волн, полученной с использованием интеграла Кирхгофа, показана возможность формирования радиоизображения нарушителя охраняемой зоны, позволяющего не только измерить пространственные параметры объекта, но и классифицировать его. В качестве метода временного анализа рассмотрено применение вейвлет-преобразования в РЛТСО, которое позволяет существенно улучшить существующие характеристики обнаружения, а также измерить параметры движения нарушителя — дальность и скорость передвижения. Книга предназначена специалистам, занимающимся вопросами обработки пространственно-временных сигналов. 
606 1 |a Сигналы  |x Цифровая обработка  |2 stltpush  |3 (RuTPU)RU\TPU\subj\67734  |9 83426 
610 1 |a удаленные объекты 
610 1 |a пространственно-временные параметры 
610 1 |a анализ 
610 1 |a информационные технические системы 
610 1 |a электромагнитные волны 
610 1 |a использование 
610 1 |a земная поверхность 
610 1 |a мониторинг 
610 1 |a целеуказание 
610 1 |a системы охраны 
610 1 |a охранные системы 
610 1 |a радиолокационные системы 
610 1 |a телевизионные системы 
610 1 |a вейвлет-преобразования 
610 1 |a разрешающая способность 
610 1 |a обнаружение 
610 1 |a алгоритмы 
675 |a 621.372.037  |v 3 
700 1 |a Сальников  |b И. И.  |g Игорь Иванович 
801 1 |a RU  |b 63413507  |c 20120515 
801 2 |a RU  |b 63413507  |c 20150609  |g RCR 
942 |c BK 
959 |a 75/20120515  |d 1  |e 277,20  |f АНЛ:1